Normal view
MARC view
- Pregnancy--Complications--Treatment
Entry Topical Term
001 - CONTROL NUMBER
- control field: 114152
003 - CONTROL NUMBER IDENTIFIER
- control field: NUST
005 - DATE AND TIME OF LATEST TRANSACTION
- control field: 20230816145306.0
008 - FIXED-LENGTH DATA ELEMENTS
- fixed length control field: 230816|| aca||aabn | a|a d
040 ## - CATALOGING SOURCE
- Original cataloging agency: NUST
- Transcribing agency: NUST
150 ## - HEADING--TOPICAL TERM
- Topical term or geographic name entry element: Pregnancy--Complications--Treatment
670 ## - SOURCE DATA FOUND
- Source citation: Work cat.: (NUST): High risk Pregnancy : , 2017.
